[Event "Guernsey op 46th"]
[Site "St James"]
[Date "2022.10.22"]
[Round "7"]
[White "Pang, Ethan"]
[Black "Brookfield, Toby"]
[Result "1/2-1/2"]
[WhiteElo "1467"]
[BlackElo "1816"]
[PlyCount "33"]
[EventDate "2022.10.16"]
[EventType "swiss"]
[EventRounds "7"]
[EventCountry "GCI"]
[SourceTitle "EXT 2024"]
[Source "ChessBase"]
[SourceDate "2023.10.10"]
[SourceVersion "1"]
[SourceVersionDate "2023.10.10"]
[SourceQuality "1"]

1. e4 c5 2. Nf3 d6 3. d4 cxd4 4. Nxd4 Nf6 5. Nc3 g6 6. Be3 Bg7 7. f3 Nc6 8. Bc4 0-0 9. Qd2 Bd7 10. 0-0 Rc8 11. Be2 Ne5 12. Nb3 a6 13. a4 Nc4 14. Bxc4 Rxc4 15. a5 Qc8 16. Bd4 Re8 17. Rf2 1/2-1/2

[Event "Guernsey op 46th"]
[Site "St James"]
[Date "2022.10.20"]
[Round "5"]
[White "Schroeder, Gerhard"]
[Black "Brookfield, Toby"]
[Result "1-0"]
[WhiteElo "2017"]
[BlackElo "1816"]
[PlyCount "89"]
[EventDate "2022.10.16"]
[EventType "swiss"]
[EventRounds "7"]
[EventCountry "GCI"]
[SourceTitle "EXT 2024"]
[Source "ChessBase"]
[SourceDate "2023.10.10"]
[SourceVersion "1"]
[SourceVersionDate "2023.10.10"]
[SourceQuality "1"]

1. d4 Nf6 2. c4 e6 3. Nc3 Bb4 4. e3 0-0 5. Bd3 d5 6. Nf3 dxc4 7. Bxc4 b6 8. 0-0 Bxc3 9. bxc3 Bb7 10. Bb2 Nbd7 11. a4 a5 12. Qe2 Ne4 13. Rfd1 Ndf6 14. Ne5 Qc8 15. f3 Nd6 16. Bd3 Rd8 17. c4 c5 18. dxc5 bxc5 19. Bc3 Qc7 20. Qe1 h6 21. Qg3 Qe7 22. Rab1 Nh5 23. Qe1 Qg5 24. Qf2 Qe7 25. Rb6 Qc7 26. Rdb1 f6 27. Ng6 Ba6 28. g4 Bxc4 29. Bxc4 Nxc4 30. Rb7 Qd6 31. gxh5 Qd3 32. Be1 Nd6 33. R7b3 Qc4 34. Ne7+ Kh8 35. Nc6 Rdc8 36. Ne7 Re8 37. Ng6+ Kg8 38. Qh4 Qe2 39. Qf2 Qc4 40. e4 Kh7 41. Nf4 f5 42. Rc3 Qxa4 43. Qxc5 Rac8 44. Qxd6 Rxc3 45. Bxc3 1-0

[Event "Olympiad-44"]
[Site "Chennai"]
[Date "2022.07.29"]
[Round "1.2"]
[White "Guzman, Christopher"]
[Black "Brookfield, Toby"]
[Result "1-0"]
[WhiteElo "2243"]
[BlackElo "1815"]
[PlyCount "67"]
[EventDate "2022.07.29"]
[EventType "team-swiss"]
[EventRounds "11"]
[EventCountry "IND"]
[SourceTitle "CBM 210"]
[Source "ChessBase"]
[SourceDate "2022.10.31"]
[SourceVersion "1"]
[SourceVersionDate "2022.10.31"]
[SourceQuality "1"]
[WhiteTeam "Dominican Republic"]
[BlackTeam "Guernsey"]
[WhiteTeamCountry "DOM"]
[BlackTeamCountry "GCI"]

1. e4 c5 2. Nf3 d6 3. d4 cxd4 4. Nxd4 Nf6 5. Nc3 g6 6. Be3 Bg7 7. Be2 0-0 8. Qd2 Nc6 9. 0-0-0 d5 10. Nxc6 bxc6 11. exd5 Nxd5 12. Nxd5 cxd5 13. Qxd5 Qc7 14. Qc5 Qb7 15. Qa3 Rb8 16. b3 Bf5 17. g4 Bxc2 18. Kxc2 Rbc8+ 19. Bc4 Qe4+ 20. Kd2 Rfd8+ 21. Ke2 Qc2+ 22. Rd2 Rxd2+ 23. Bxd2 Qe4+ 24. Be3 Qxh1 25. Qxe7 Qg2 26. Bxf7+ Kh8 27. Qd7 Rf8 28. h4 Qe4 29. Bd5 Qc2+ 30. Kf1 Qc3 31. Kg2 Qf6 32. Qxa7 Qxh4 33. Qd7 Bh6 34. Bd4+ 1-0

[Event "Olympiad-43"]
[Site "Batumi"]
[Date "2018.10.03"]
[Round "9.3"]
[White "Brookfield, Toby"]
[Black "Mlawa, Hemed"]
[Result "0-1"]
[WhiteElo "1873"]
[BlackElo "1828"]
[PlyCount "121"]
[EventDate "2018.09.24"]
[EventType "team-swiss"]
[EventRounds "11"]
[EventCountry "GEO"]
[SourceTitle "CBM 187"]
[Source "ChessBase"]
[SourceDate "2018.12.11"]
[SourceVersion "1"]
[SourceVersionDate "2018.12.11"]
[SourceQuality "1"]
[WhiteTeam "Guernsey"]
[BlackTeam "Tanzania"]
[WhiteTeamCountry "GCI"]
[BlackTeamCountry "TAN"]

1. e4 c5 2. Nf3 e6 3. d4 cxd4 4. Nxd4 a6 5. Bd3 Nf6 6. c4 Qc7 7. Nc3 Nc6 8. Nxc6 dxc6 9. Qe2 e5 10. h3 Bc5 11. Be3 Bd4 12. 0-0 Be6 13. Rfe1 Rd8 14. Rad1 0-0 15. Bb1 Bxe3 16. fxe3 Qe7 17. b3 g6 18. Qf2 Nh5 19. g4 Ng7 20. Qg3 Qg5 21. Na4 h5 22. Nc5 Bc8 23. Nd3 f6 24. Nf2 hxg4 25. Nxg4 Nh5 26. Qg2 Rxd1 27. Rxd1 Bxg4 28. Qxg4 Qxe3+ 29. Kh1 Nf4 30. Kh2 Qe2+ 31. Qxe2 Nxe2 32. Rd7 Rf7 33. Rd8+ Kg7 34. a3 Nd4 35. b4 c5 36. Rc8 Nf3+ 37. Kg2 Nd2 38. Bd3 Rd7 39. Be2 cxb4 40. axb4 Nxe4 41. c5 Nc3 42. Bc4 f5 43. c6 bxc6 44. Rxc6 Nd5 45. Bxd5 Rxd5 46. Rxa6 Rd3 47. Re6 e4 48. b5 Rb3 49. b6 Kf7 50. Rc6 f4 51. Rc7+ Kf6 52. b7 Rb2+ 53. Kf1 e3 54. Rc2 Rxb7 55. Ke2 Re7 56. Kf3 e2 57. Rxe2 Rxe2 58. Kxe2 Kf5 59. Kf3 g5 60. Kf2 Ke4 61. Ke2 0-1

[Event "Olympiad-43"]
[Site "Batumi"]
[Date "2018.10.02"]
[Round "8.3"]
[White "Espirito Santo, Waldyr"]
[Black "Brookfield, Toby"]
[Result "0-1"]
[WhiteElo "1903"]
[BlackElo "1873"]
[PlyCount "74"]
[EventDate "2018.09.24"]
[EventType "team-swiss"]
[EventRounds "11"]
[EventCountry "GEO"]
[SourceTitle "CBM 187"]
[Source "ChessBase"]
[SourceDate "2018.12.11"]
[SourceVersion "1"]
[SourceVersionDate "2018.12.11"]
[SourceQuality "1"]
[WhiteTeam "Sao Tome and Principe"]
[BlackTeam "Guernsey"]
[WhiteTeamCountry "SAO"]
[BlackTeamCountry "GCI"]

1. e4 c5 2. Nc3 g6 3. d4 Qc7 4. Nd5 Qd8 5. Bf4 d6 6. dxc5 e5 7. Bg5 f6 8. Bh4 Be6 9. cxd6 Bxd6 10. Nxf6+ Nxf6 11. Bxf6 Bb4+ 12. c3 Qxf6 13. Bb5+ Nc6 14. Bxc6+ bxc6 15. cxb4 0-0 16. Qe2 Rad8 17. f3 Rd4 18. b3 Rfd8 19. Qf2 Qf8 20. Qe3 Qxb4+ 21. Kf2 Rd3 22. Qxa7 R8d7 23. Qa8+ Kf7 24. Ne2 Qc5+ 25. Kg3 Qe3 26. Rhe1 Rd2 27. Qh8 Rxe2 28. Rxe2 Qxe2 29. Qxh7+ Kf8 30. Qh8+ Ke7 31. Qg7+ Kd6 32. Qxg6 Rd8 33. a4 Rg8 34. Qxg8 Bxg8 35. a5 Qb2 36. Rd1+ Kc7 37. a6 Qa2 0-1

[Event "Olympiad-43"]
[Site "Batumi"]
[Date "2018.09.27"]
[Round "4.65"]
[White "Brookfield, Toby"]
[Black "Alahakoon, Isuru"]
[Result "0-1"]
[WhiteElo "1873"]
[BlackElo "2121"]
[PlyCount "64"]
[EventDate "2018.09.24"]
[EventType "team-swiss"]
[EventRounds "11"]
[EventCountry "GEO"]
[SourceTitle "CBM 187"]
[Source "ChessBase"]
[SourceDate "2018.12.11"]
[SourceVersion "1"]
[SourceVersionDate "2018.12.11"]
[SourceQuality "1"]
[WhiteTeam "Guernsey"]
[BlackTeam "Sri Lanka"]
[WhiteTeamCountry "GCI"]
[BlackTeamCountry "SRI"]

1. e4 c5 2. Nf3 d6 3. d4 cxd4 4. Nxd4 Nf6 5. Nc3 a6 6. f4 g6 7. a4 Bg7 8. Nf3 0-0 9. Bd3 Qb6 10. a5 Qd8 11. 0-0 Nc6 12. Qe1 Nxa5 13. f5 Nc6 14. Qh4 Ne5 15. Kh1 Nxd3 16. cxd3 gxf5 17. Bh6 Bxh6 18. Qxh6 Ng4 19. Qh5 f6 20. Nd4 fxe4 21. Rf4 Ne5 22. Rh4 Rf7 23. Rf1 exd3 24. Ne4 Rg7 25. Ng3 Ng6 26. Re4 d5 27. Re6 Bxe6 28. Nxe6 Qd7 29. Nxg7 Kxg7 30. Qd1 Ne5 31. Nf5+ Kh8 32. Nd4 Qg4 0-1

[Event "Olympiad-43"]
[Site "Batumi"]
[Date "2018.09.26"]
[Round "3.92"]
[White "Mohamed, Ali Djama"]
[Black "Brookfield, Toby"]
[Result "1-0"]
[WhiteElo "1662"]
[BlackElo "1873"]
[PlyCount "49"]
[EventDate "2018.09.24"]
[EventType "team-swiss"]
[EventRounds "11"]
[EventCountry "GEO"]
[SourceTitle "CBM 187"]
[Source "ChessBase"]
[SourceDate "2018.12.11"]
[SourceVersion "1"]
[SourceVersionDate "2018.12.11"]
[SourceQuality "1"]
[WhiteTeam "Djibouti"]
[BlackTeam "Guernsey"]
[WhiteTeamCountry "DJI"]
[BlackTeamCountry "GCI"]

1. e4 c5 2. Nf3 d6 3. d4 cxd4 4. Nxd4 Nf6 5. Nc3 g6 6. Be3 Bg7 7. Be2 0-0 8. Qd2 Nc6 9. 0-0-0 Bd7 10. h4 h5 11. f3 Rc8 12. Kb1 Ne5 13. Bh6 Nc4 14. Bxc4 Rxc4 15. Bxg7 Kxg7 16. g4 Rh8 17. g5 Ne8 18. Qe2 Rc5 19. Nb3 Re5 20. Qe3 Be6 21. f4 Ra5 22. Nxa5 Qxa5 23. Rhf1 Nc7 24. f5 Bc4 25. Qd4+ 1-0

[Event "Guernsey op 42nd"]
[Site "Vale"]
[Date "2016.10.21"]
[Round "6"]
[White "Brookfield, Toby"]
[Black "Taylor, Mark V"]
[Result "1/2-1/2"]
[WhiteElo "1906"]
[BlackElo "2031"]
[PlyCount "62"]
[EventDate "2016.10.16"]
[EventType "swiss"]
[EventRounds "7"]
[EventCountry "GCI"]
[SourceTitle "CBM 175 Extra"]
[Source "ChessBase"]
[SourceDate "2016.12.12"]
[SourceVersion "1"]
[SourceVersionDate "2016.12.12"]
[SourceQuality "1"]

1. e4 e6 2. d4 b6 3. Nc3 Bb7 4. Nf3 Bb4 5. Bd3 Nf6 6. Qe2 d6 7. 0-0 Nbd7 8. a3 Bxc3 9. bxc3 e5 10. Bg5 h6 11. Bh4 Qe7 12. Rfe1 0-0 13. Bg3 Rfe8 14. d5 Nc5 15. Qd2 Kh7 16. Nh4 g6 17. Re2 Bc8 18. h3 Nh5 19. Rf1 Qg5 20. Qxg5 hxg5 21. Nf3 f6 22. Bh2 Bd7 23. Nd2 Kg7 24. Rb1 Na4 25. Rb3 Nc5 26. Rb1 Ba4 27. Nc4 Rf8 28. Ne3 Bd7 29. f3 Nf4 30. Rd2 Na4 31. Rb3 Nc5 1/2-1/2

[Event "Guernsey op 42nd"]
[Site "Vale"]
[Date "2016.10.20"]
[Round "5"]
[White "Kraft, Karl Heinz"]
[Black "Brookfield, Toby"]
[Result "1-0"]
[WhiteElo "2044"]
[BlackElo "1906"]
[PlyCount "79"]
[EventDate "2016.10.16"]
[EventType "swiss"]
[EventRounds "7"]
[EventCountry "GCI"]
[SourceTitle "CBM 175 Extra"]
[Source "ChessBase"]
[SourceDate "2016.12.12"]
[SourceVersion "1"]
[SourceVersionDate "2016.12.12"]
[SourceQuality "1"]

1. e4 c5 2. c3 d6 3. d4 Nf6 4. Bd3 cxd4 5. cxd4 g6 6. Nc3 Bg7 7. f3 0-0 8. Be3 Nc6 9. Qd2 e5 10. d5 Nd4 11. Nge2 Nh5 12. 0-0-0 Bd7 13. Kb1 Qa5 14. Bg5 Rfe8 15. Nxd4 exd4 16. Ne2 Qxd2 17. Bxd2 f5 18. exf5 Bxf5 19. Bxf5 gxf5 20. Rhe1 Rac8 21. Bb4 Re5 22. Nxd4 Rxd5 23. Ne6 Rxd1+ 24. Rxd1 Bf6 25. Bxd6 Kf7 26. Nf4 Nxf4 27. Bxf4 Rc4 28. Be3 Rb4 29. b3 a6 30. Rd7+ Kg6 31. Kc2 h5 32. Rd5 h4 33. a3 Rb5 34. Rxb5 axb5 35. h3 Be7 36. a4 bxa4 37. bxa4 Bg5 38. Kd3 Bf6 39. Kc4 Bd8 40. Kd5 1-0

[Event "Guernsey op 42nd"]
[Site "Vale"]
[Date "2016.10.18"]
[Round "3"]
[White "Brookfield, Toby"]
[Black "Reijneveld, Ad"]
[Result "0-1"]
[WhiteElo "1906"]
[BlackElo "2092"]
[PlyCount "91"]
[EventDate "2016.10.16"]
[EventType "swiss"]
[EventRounds "7"]
[EventCountry "GCI"]
[SourceTitle "CBM 175 Extra"]
[Source "ChessBase"]
[SourceDate "2016.12.12"]
[SourceVersion "1"]
[SourceVersionDate "2016.12.12"]
[SourceQuality "1"]

1. e4 c5 2. Nc3 Nc6 3. f4 g6 4. Nf3 Bg7 5. Be2 e6 6. d3 Nge7 7. 0-0 0-0 8. Qe1 d6 9. Kh1 Nd4 10. Bd1 Nec6 11. Qf2 Bd7 12. Ne2 Nxf3 13. Qxf3 f5 14. c3 b5 15. Ng3 Ne7 16. Bb3 Kh8 17. Qe2 d5 18. e5 Nc6 19. Bd2 Qe7 20. Rad1 a5 21. Bc1 a4 22. Bc2 d4 23. Qf2 Rfd8 24. Ne2 Be8 25. cxd4 cxd4 26. Bd2 g5 27. fxg5 Bxe5 28. Nf4 Bg7 29. Rde1 e5 30. Qf3 Qf7 31. g6 hxg6 32. Nh3 Bf6 33. Ng5 Qe7 34. Qh3+ Kg8 35. Qh6 Qg7 36. Qh3 Bd7 37. Qf3 Qe7 38. Qd5+ Kg7 39. h4 Rh8 40. g3 Rad8 41. Qxb5 Bxg5 42. Bxg5 Qxg5 43. Kg2 Rxh4 44. Rxe5 Rg4 45. Rf3 Nxe5 46. Qxe5+ 0-1

[Event "Olympiad-42"]
[Site "Baku"]
[Date "2016.09.10"]
[Round "8.3"]
[White "Balbalosa, Jeffrey"]
[Black "Brookfield, Toby"]
[Result "0-1"]
[WhiteElo "1768"]
[BlackElo "1909"]
[PlyCount "80"]
[EventDate "2016.09.02"]
[EventType "team-swiss"]
[EventRounds "11"]
[EventCountry "AZE"]
[SourceTitle "CBM 175"]
[Source "ChessBase"]
[SourceDate "2016.11.10"]
[SourceVersion "1"]
[SourceVersionDate "2016.11.10"]
[SourceQuality "1"]
[WhiteTeam "Palau"]
[BlackTeam "Guernsey"]
[WhiteTeamCountry "PAL"]
[BlackTeamCountry "GCI"]

1. d4 f5 2. Nf3 Nf6 3. Nc3 e6 4. a3 Be7 5. e3 d6 6. Bd3 b6 7. 0-0 Bb7 8. Re1 Ne4 9. Bd2 0-0 10. Ne2 Nd7 11. Nf4 Rf6 12. Bxe4 fxe4 13. Ng5 Nf8 14. Rc1 Rh6 15. Ngh3 Qe8 16. Bc3 Rd8 17. Ne2 Bc8 18. Ng3 d5 19. Nf4 Bd6 20. Nfe2 Ng6 21. Rf1 Qe7 22. f4 Rf8 23. Qd2 Nh4 24. Rf2 Nf5 25. Nxf5 Rxf5 26. g4 Rf8 27. g5 Rh3 28. Kh1 h6 29. gxh6 Rxh6 30. Rg1 g6 31. Rfg2 Qh7 32. Ng3 Kf7 33. b4 Rh8 34. Bb2 b5 35. Qf2 Ke8 36. Qe2 a6 37. Rf2 e5 38. dxe5 Bg4 39. Qd2 Bf3+ 40. Rgg2 Rxh2+ 0-1

[Event "Olympiad-42"]
[Site "Baku"]
[Date "2016.09.08"]
[Round "6.2"]
[White "Lill, Sami"]
[Black "Brookfield, Toby"]
[Result "1-0"]
[WhiteElo "1870"]
[BlackElo "1909"]
[PlyCount "81"]
[EventDate "2016.09.02"]
[EventType "team-swiss"]
[EventRounds "11"]
[EventCountry "AZE"]
[SourceTitle "CBM 175"]
[Source "ChessBase"]
[SourceDate "2016.11.10"]
[SourceVersion "1"]
[SourceVersionDate "2016.11.10"]
[SourceQuality "1"]
[WhiteTeam "Bermuda"]
[BlackTeam "Guernsey"]
[WhiteTeamCountry "BER"]
[BlackTeamCountry "GCI"]

1. e4 c5 2. Nf3 d6 3. Bb5+ Nd7 4. 0-0 a6 5. Bxd7+ Bxd7 6. c3 Nf6 7. Re1 Bc6 8. d3 h6 9. Nbd2 e5 10. Nf1 Be7 11. Ng3 Bd7 12. h3 0-0 13. Be3 Be6 14. Qd2 Rc8 15. b3 Kh7 16. d4 exd4 17. cxd4 d5 18. e5 Ne4 19. Qd3 Kg8 20. Nxe4 dxe4 21. Qxe4 Bd5 22. Qg4 Bxf3 23. gxf3 Rc6 24. Kh2 Rg6 25. Qe4 f5 26. exf6 Qd6+ 27. Kh1 Rgxf6 28. dxc5 Qc7 29. Bd4 Rxf3 30. Qxe7 Rxh3+ 31. Kg1 Qh2+ 32. Kf1 Qh1+ 33. Ke2 Rxf2+ 34. Kd1 Qf3+ 35. Kc1 Qf4+ 36. Be3 Qf5 37. Bxf2 Rc3+ 38. Kb2 Qc2+ 39. Ka3 Qxf2 40. Re2 Qg3 41. Rf1 1-0

[Event "Olympiad-42"]
[Site "Baku"]
[Date "2016.09.04"]
[Round "3.3"]
[White "Sabar, Ethmane Daouda"]
[Black "Brookfield, Toby"]
[Result "1-0"]
[WhiteElo "2063"]
[BlackElo "1909"]
[PlyCount "55"]
[EventDate "2016.09.02"]
[EventType "team-swiss"]
[EventRounds "11"]
[EventCountry "AZE"]
[SourceTitle "CBM 175"]
[Source "ChessBase"]
[SourceDate "2016.11.10"]
[SourceVersion "1"]
[SourceVersionDate "2016.11.10"]
[SourceQuality "1"]
[WhiteTeam "Mauritania"]
[BlackTeam "Guernsey"]
[WhiteTeamCountry "MAU"]
[BlackTeamCountry "GCI"]

1. e4 c5 2. Nc3 d6 3. f4 g6 4. Nf3 Bg7 5. Bb5+ Bd7 6. Bc4 Nc6 7. 0-0 e6 8. d3 Nge7 9. a4 a6 10. Kh1 h6 11. Bd2 b6 12. h3 Nd4 13. Nxd4 cxd4 14. Ne2 0-0 15. Qe1 Bc6 16. Bb3 Bb7 17. Qf2 Nc6 18. f5 exf5 19. exf5 gxf5 20. Qxf5 Ne5 21. Qh5 Kh7 22. Nxd4 Qd7 23. Nf5 Rg8 24. Rf2 Bf8 25. d4 Rxg2 26. Rxg2 Bxg2+ 27. Kxg2 Qc6+ 28. d5 1-0

[Event "Olympiad-42"]
[Site "Baku"]
[Date "2016.09.03"]
[Round "2.3"]
[White "Brookfield, Toby"]
[Black "Ieong, Seak Hin"]
[Result "1/2-1/2"]
[WhiteElo "1909"]
[BlackElo "1841"]
[PlyCount "112"]
[EventDate "2016.09.02"]
[EventType "team-swiss"]
[EventRounds "11"]
[EventCountry "AZE"]
[SourceTitle "CBM 175"]
[Source "ChessBase"]
[SourceDate "2016.11.10"]
[SourceVersion "1"]
[SourceVersionDate "2016.11.10"]
[SourceQuality "1"]
[WhiteTeam "Guernsey"]
[BlackTeam "Macau"]
[WhiteTeamCountry "GCI"]
[BlackTeamCountry "MAC"]

1. e4 e5 2. f4 d5 3. exd5 Qxd5 4. Nc3 Qe6 5. Nf3 Nc6 6. Be2 Bc5 7. Na4 Bd6 8. 0-0 Nge7 9. fxe5 Nxe5 10. Ng5 Qd7 11. d4 Qxa4 12. dxe5 Bxe5 13. Nxf7 Qd4+ 14. Qxd4 Bxd4+ 15. Kh1 Rf8 16. Bc4 h6 17. Rd1 Nc6 18. Re1+ Ne7 19. c3 Bf6 20. Ne5 Bf5 21. Nf7 Bc8 22. Ne5 Bf5 23. Bb5+ c6 24. Nxc6 bxc6 25. Bxc6+ Kf7 26. Bxa8 Rxa8 27. Be3 Rb8 28. Bxa7 Rxb2 29. Bd4 Nd5 30. Bxf6 Kxf6 31. c4 Nb4 32. Kg1 Nxa2 33. c5 Rc2 34. c6 Nc3 35. Re8 Ne2+ 36. Kf1 Nd4 37. Rd1 Nxc6 38. Rf8+ Kg5 39. Rd5 g6 40. Rc8 Kf4 41. Re8 Be4 42. g3+ Kf3 43. Rf8+ Ke3 44. Rd1 Rxh2 45. Re1+ Kd4 46. Rd1+ Ke5 47. Re8+ Kf5 48. Rd6 Rc2 49. g4+ Kf4 50. Rxe4+ Kxe4 51. Rxg6 Ne5 52. Rxh6 Nf3 53. Re6+ Kf4 54. Re2 Nh2+ 55. Ke1 Rxe2+ 56. Kxe2 Nxg4 1/2-1/2

[Event "Olympiad-42"]
[Site "Baku"]
[Date "2016.09.02"]
[Round "1.2"]
[White "Sulskis, Sarunas"]
[Black "Brookfield, Toby"]
[Result "1-0"]
[WhiteElo "2519"]
[BlackElo "1909"]
[PlyCount "69"]
[EventDate "2016.09.02"]
[EventType "team-swiss"]
[EventRounds "11"]
[EventCountry "AZE"]
[SourceTitle "CBM 175"]
[Source "ChessBase"]
[SourceDate "2016.11.10"]
[SourceVersion "1"]
[SourceVersionDate "2016.11.10"]
[SourceQuality "1"]
[WhiteTeam "Lithuania"]
[BlackTeam "Guernsey"]
[WhiteTeamCountry "LTU"]
[BlackTeamCountry "GCI"]

1. e4 c5 2. c3 d6 3. d4 Nf6 4. Bd3 cxd4 5. cxd4 g6 6. Nc3 Bg7 7. Nge2 0-0 8. 0-0 Nc6 9. f3 e5 10. d5 Nd4 11. Nxd4 exd4 12. Ne2 Nd7 13. b3 Nc5 14. Bb2 f5 15. exf5 Nxd3 16. Qxd3 Bxf5 17. Qd2 d3 18. Ng3 Bxb2 19. Qxb2 Rc8 20. Qd4 Qf6 21. Nxf5 Qxf5 22. Rad1 Rc2 23. Rf2 Rfc8 24. g4 Qf7 25. Rxd3 Qe7 26. Re3 Qh4 27. Ree2 Rxe2 28. Rxe2 Qg5 29. Kg2 h5 30. Qe4 hxg4 31. Qe6+ Kg7 32. Qxc8 gxf3+ 33. Kxf3 Qxd5+ 34. Ke3 Qe5+ 35. Kd3 1-0

[Event "Guernsey op 41st"]
[Site "Vale"]
[Date "2015.10.24"]
[Round "7"]
[White "Pleasants, Allan J"]
[Black "Brookfield, Toby"]
[Result "1/2-1/2"]
[WhiteElo "2061"]
[BlackElo "1897"]
[PlyCount "49"]
[EventDate "2015.10.18"]
[EventType "swiss"]
[EventRounds "7"]
[EventCountry "GCI"]
[SourceTitle "EXT 2017"]
[Source "ChessBase"]
[SourceDate "2016.10.25"]
[SourceVersion "1"]
[SourceVersionDate "2016.10.25"]
[SourceQuality "1"]

1. e4 c5 2. Nf3 d6 3. Bb5+ Nd7 4. 0-0 a6 5. Bxd7+ Bxd7 6. d4 cxd4 7. Qxd4 Rc8 8. Nc3 e5 9. Qd3 h6 10. Be3 Nf6 11. a4 Be7 12. a5 Qc7 13. Bb6 Qc4 14. Nd2 Qxd3 15. cxd3 0-0 16. d4 Bd8 17. Bxd8 Rfxd8 18. d5 Nh5 19. g3 f5 20. Rfc1 Nf6 21. f3 g6 22. Nd1 fxe4 23. fxe4 Bb5 24. Nc3 Bd7 25. Nd1 1/2-1/2

[Event "Guernsey op 41st"]
[Site "Vale"]
[Date "2015.10.20"]
[Round "3"]
[White "Wager, John D"]
[Black "Brookfield, Toby"]
[Result "1-0"]
[WhiteElo "2029"]
[BlackElo "1897"]
[PlyCount "81"]
[EventDate "2015.10.18"]
[EventType "swiss"]
[EventRounds "7"]
[EventCountry "GCI"]
[SourceTitle "EXT 2017"]
[Source "ChessBase"]
[SourceDate "2016.10.25"]
[SourceVersion "1"]
[SourceVersionDate "2016.10.25"]
[SourceQuality "1"]

1. d4 e6 2. Nf3 f5 3. c4 Nf6 4. Nc3 Bb4 5. a3 Bxc3+ 6. bxc3 b6 7. e3 Bb7 8. Be2 0-0 9. 0-0 Ne4 10. Qb3 Qe8 11. Ne1 d6 12. a4 Nd7 13. f3 Nef6 14. a5 Kh8 15. a6 Bc8 16. Nd3 e5 17. Nf2 Nh5 18. Ba3 Bxa6 19. Bxd6 Bxc4 20. Bxc4 cxd6 21. Bd5 Rc8 22. Rxa7 Qd8 23. Be6 Rc7 24. Rfa1 f4 25. e4 Nhf6 26. Nd3 g5 27. Nb4 g4 28. Rxc7 Qxc7 29. fxg4 Nxe4 30. Nd5 Ndc5 31. Qc2 Qc6 32. Nb4 Qb5 33. Bf5 exd4 34. Bxe4 d5 35. Bxd5 d3 36. Qf2 Qd7 37. Qd4+ Qg7 38. Qxg7+ Kxg7 39. Rd1 Rd8 40. c4 b5 41. cxb5 1-0

[Event "EU Small Countries ol 4th"]
[Site "Saint Peter Port"]
[Date "2015.04.22"]
[Round "5.2"]
[White "Fernandez Lopez, Joan"]
[Black "Brookfield, Toby"]
[Result "1-0"]
[WhiteElo "2133"]
[BlackElo "1877"]
[PlyCount "71"]
[EventDate "2015.04.19"]
[EventType "team-tourn"]
[EventRounds "9"]
[EventCountry "GCI"]
[SourceTitle "CBM 166 Extra"]
[Source "ChessBase"]
[SourceDate "2015.06.18"]
[SourceVersion "1"]
[SourceVersionDate "2015.06.18"]
[SourceQuality "1"]
[WhiteTeam "Andorra"]
[BlackTeam "Guernsey"]
[WhiteTeamCountry "AND"]
[BlackTeamCountry "GCI"]

1. e4 c5 2. Nf3 d6 3. d4 cxd4 4. Nxd4 Nf6 5. Nc3 g6 6. Be3 Bg7 7. f3 Nc6 8. Bc4 0-0 9. Bb3 Bd7 10. Qd2 Nxd4 11. Bxd4 b5 12. h4 a5 13. a4 bxa4 14. Nxa4 Rb8 15. Bc3 Qc8 16. Bxa5 Qa6 17. Bc3 Rfc8 18. Kf2 Qa7+ 19. Qe3 Qc7 20. Rhd1 Rb5 21. Bd4 Bc6 22. Nc3 Rb7 23. Ra6 e5 24. Bb6 Qe7 25. g3 Nh5 26. Qd2 Rd7 27. Be3 Nf4 28. Rxc6 Rxc6 29. Ba4 Rcc7 30. Bxd7 Rxd7 31. gxf4 Qxh4+ 32. Kg2 exf4 33. Bxf4 g5 34. Bxg5 Qh5 35. Rh1 Qg6 36. Kf2 1-0

[Event "EU Small Countries ol 4th"]
[Site "Saint Peter Port"]
[Date "2015.04.20"]
[Round "3.3"]
[White "Andreasen, Joan Hendrik"]
[Black "Brookfield, Toby"]
[Result "0-1"]
[WhiteElo "2229"]
[BlackElo "1877"]
[PlyCount "54"]
[EventDate "2015.04.19"]
[EventType "team-tourn"]
[EventRounds "9"]
[EventCountry "GCI"]
[SourceTitle "CBM 166 Extra"]
[Source "ChessBase"]
[SourceDate "2015.06.18"]
[SourceVersion "1"]
[SourceVersionDate "2015.06.18"]
[SourceQuality "1"]
[WhiteTeam "Faroe Islands"]
[BlackTeam "Guernsey"]
[WhiteTeamCountry "FAI"]
[BlackTeamCountry "GCI"]

1. d4 f5 2. g3 Nf6 3. Bg2 e6 4. Nh3 Be7 5. 0-0 0-0 6. b3 d6 7. Bb2 Nc6 8. c4 Qe8 9. Nc3 e5 10. e3 Bd8 11. Nd5 Kh8 12. dxe5 dxe5 13. f4 e4 14. Nf2 Be6 15. g4 Nxg4 16. Nxg4 fxg4 17. Qd2 Bf5 18. b4 Ne7 19. Nc3 Ng6 20. Ne2 Nh4 21. Ng3 Nf3+ 22. Bxf3 gxf3 23. Nxf5 Rxf5 24. Kh1 Bf6 25. Bxf6 Rxf6 26. Qd5 Rd8 27. Qxb7 Rd2 0-1

[Event "Guernsey op 40th"]
[Site "Vale"]
[Date "2014.10.21"]
[Round "3"]
[White "Sikkel, Dirk"]
[Black "Brookfield, Toby"]
[Result "1-0"]
[WhiteElo "2007"]
[BlackElo "1879"]
[PlyCount "49"]
[EventDate "2014.10.19"]
[EventType "swiss"]
[EventRounds "7"]
[EventCountry "GCI"]
[SourceTitle "EXT 2016"]
[Source "ChessBase"]
[SourceDate "2015.10.08"]
[SourceVersion "1"]
[SourceVersionDate "2015.10.08"]
[SourceQuality "1"]

1. e4 c5 2. Nf3 d6 3. Bb5+ Nc6 4. 0-0 Bd7 5. c3 Nf6 6. Re1 a6 7. Ba4 b5 8. Bc2 e5 9. d3 Be7 10. Nbd2 0-0 11. Nf1 Bg4 12. h3 Bxf3 13. Qxf3 b4 14. Ne3 bxc3 15. bxc3 Qd7 16. Nc4 Rab8 17. Bg5 Ne8 18. Be3 Nc7 19. Ba4 Nb5 20. Rac1 f5 21. exf5 d5 22. Nb2 Nd6 23. Qxd5+ Rf7 24. Qxc6 Qxf5 25. Nc4 1-0

[Event "Olympiad-41"]
[Site "Tromsoe"]
[Date "2014.08.10"]
[Round "8.4"]
[White "Croes, Octavio"]
[Black "Brookfield, Toby"]
[Result "1-0"]
[WhiteElo "1892"]
[BlackElo "1889"]
[PlyCount "101"]
[EventDate "2014.08.02"]
[EventType "team-swiss"]
[EventRounds "11"]
[EventCountry "NOR"]
[SourceTitle "CBM 162"]
[Source "ChessBase"]
[SourceDate "2014.09.17"]
[SourceVersion "1"]
[SourceVersionDate "2014.09.17"]
[SourceQuality "1"]
[WhiteTeam "Aruba"]
[BlackTeam "Guernsey"]
[WhiteTeamCountry "ARN"]
[BlackTeamCountry "GCI"]

1. d4 f5 2. Nf3 Nf6 3. Bg5 e6 4. Nbd2 Be7 5. Bxf6 Bxf6 6. e4 0-0 7. Bd3 d5 8. e5 Be7 9. 0-0 c5 10. c3 Nc6 11. Re1 Bd7 12. Rc1 Rc8 13. Bb1 Be8 14. dxc5 Bxc5 15. Nb3 Bb6 16. Nbd4 Qe7 17. Qd2 h6 18. b4 Bh5 19. a3 a5 20. Ba2 axb4 21. Nxe6 Bxf3 22. gxf3 bxc3 23. Qxd5 Rf7 24. Rxc3 Kh8 25. Nf4 Qg5+ 26. Ng2 Re7 27. f4 Qg6 28. Rg3 Qe8 29. Qd3 Nd4 30. Nh4 Rd7 31. Nxf5 Rc2 32. Nxd4 Rxa2 33. Qb3 Rd2 34. Qxb6 R2xd4 35. f5 Rd1 36. Rge3 Qh5 37. Qg6 Qh4 38. f6 gxf6 39. exf6 Qg5+ 40. Qxg5 hxg5 41. Kg2 Rxe1 42. Rxe1 Rf7 43. Re8+ Kh7 44. Re7 Kg6 45. Rxf7 Kxf7 46. Kg3 Kxf6 47. f4 Kf5 48. fxg5 Kxg5 49. h4+ Kf5 50. a4 b6 51. Kf3 1-0